1599 1239 1169 1140 1950 1184 1021 1888 1276 1940 1121 1852 1135 1163 1760 1280 1032 1692 1170 1380 1333 1279 1109 1525 1896 1743 1217 1238 1516 1836 1241 1635 1636 1475 1159 1927 1418 1847 1373 1913 1837 1286 1249 1405 1926 1040 1358 1440 1002 1801 1771 1655 1933 1717 1873 1575 1285 1763 1385 1299 1409 1477 1016 1761 1833 1181 1288 1794 1337 1527 1140 1920 1963 1960 1851 1658 1600 1027 1052 1636 1350 1489 1654 1859 1793 1202 1487 1358 1805 1798 1577 1916 1591 1794 1731 1528 1247 1719 1300 BCNSPRNW ULIB Ver.6.0+V

เปลี่ยนเป็นภาษาไทย

Change to English
 แสดงรายละเอียดบรรณานุกรม
  กลับหน้าหลัก

Brief Record : Get Marc (ISO 2709) : E-mail record : QR code < ปิดหน้าต่าง
LEADER : 00000nam 2200000uu 4500
001    13399126695
003     ULIB
008    020711s2561 th a 000 0 tha d
020    ^a9786164072886
060    ^aWF143^bจ683ภ
110    ^aจุฬาลงกรณ์มหาวิทยาลัย สาขาวิชาอายุรศาสตร์โรคระบบการหายใจและภาวะวิกฤต ภาควิชาอายุรศาสตร์ โรงพยาบาลจุฬาลงกรณ์ สภากาชาดไทย
245    ^aภาวะความผิดปกติของการหายใจขณะหลับ = Sleep-related breathing disorders/^cจุฬาลงกรณ์มหาวิทยาลัย สาขาวิชาอายุรศาสตร์โรคระบบการหายใจและภาวะวิกฤต ภาควิชาอายุรศาสตร์ โรงพยาบาลจุฬาลงกรณ์ สภากาชาดไทย
250    ^aพิมพ์ครั้งที่ 1
260    ^aกรุงเทพฯ :^bสาขาวิชาอายุรศาสตร์โรคระบบการหายใจและภาวะวิกฤต ภาควิชาอายุรศาสตร์ จุฬาลงกรณ์มหาวิทยาลัย และศูนย์นิทราเวช โรงพยาบาลจุฬาลงกรณ์ สภากาชาดไทย ;^c2561
300    ^avii, 396 หน้า : ^bภาพประกอบ, แผนภูมิ ;^c27 ซม
650    ^aSleep Apnea Syndromes -- surgery
650    ^aภาวะหยุดหายใจขณะนอนหลับ
650    ^aการนอนหลับผิดปกติ
945    ^p1090^l0^i005275
945    ^p1090^l0^i005274
945    ^p1090^l0^i005273
999    ^aประนอม เกษจรัล
รายการนี้ยังไม่มีแท็ก
คุณยังไม่ได้ล็อกอิน คุณสามารถมีกิจกรรมร่วมกับเว็บไซต์ได้ แต่ต้องล็อกอินก่อน ::
  ล็อกอิน

รายการสื่อสารสนเทศ

ลำดับที่ ประเภท เลขเรียก/บาร์โค้ด สถานที่ สถานะ
1. วิทยาศาสตร์การแพทย์ และสุขภาพ
หนังสือสำรอง
สถานะ=หนังสือสำรอง
WF143 จ683ภ ฉ.1 
  Barcode: 005273
ห้องสมุดวิทยาเขตสวรรค์ประชารักษ์
►หนังสือทั่วไป
บนชั้น
2. วิทยาศาสตร์การแพทย์ และสุขภาพ
วิทยาศาสตร์การแพทย์ และสุขภาพ
WF143 จ683ภ ฉ.2 
  Barcode: 005274
ห้องสมุดวิทยาเขตสวรรค์ประชารักษ์
►หนังสือทั่วไป
บนชั้น
3. วิทยาศาสตร์การแพทย์ และสุขภาพ
วิทยาศาสตร์การแพทย์ และสุขภาพ
WF143 จ683ภ ฉ.3 
  Barcode: 005275
ห้องสมุดวิทยาเขตสวรรค์ประชารักษ์
►หนังสือทั่วไป
บนชั้น

รายการใกล้เคียง
    หัวเรื่อง [การนอนหลับผิดปกติ]

BibComment


ยังไม่เคยถูกคอมเมนท์

คอมเมนท์ทรัพยากรรายการนี้
  คอมเมนท์: ภาวะความผิดปกติข..


 Copyright 2026. Bcnsprnw @Library